• 首页
  • 本馆介绍
  • 公告通知
  • 最新文献
  • 馆藏检索
  • 电子资源
  • 读者导购
  • 参考咨询
  • 我的图书馆
  • 登录
  • 详细信息显示
  • 放入我的书架
  • 预约/预借图书
  • 作者相关作品
  • 分类相关作品
  • 丛书相关作品
  • 出版社相关作品

书目信息

  • 表格格式
  • 工作单格式
  • 卡片格式
题名:
世界当代艺术史
    
 
作者: 王受之 著
分册:  
出版信息: 北京   中国青年出版社  2002
页数: 195页
开本: 29cm
丛书名: 王受之设计史论丛书
单 册:
中图分类: J110.95
科图分类:
主题词: 艺术史--世界--现代
电子资源:
ISBN: 7-5006-4829-4
000 01184nam0 2200337 450
000 01147nam0 2200325 450
000 01146nam0 2200337 450
000 01092nam0 2200313 450
000 01088nam0 2200301 450
000 01051nam0 2200289 45
001 TS2006028336
005 20061210163646.03
010    @a7-5006-4829-4@dCNY60.00
100    @a20060829d2002 em y0chiy0110 ea
101 0  @achi
102    @aCN@b110000
105    @aa z 000yy
200 1  @a世界当代艺术史@Ashi jie dang dai yi shu shi@f王受之著
210    @a北京@c中国青年出版社@d2002
215    @a195页@c图@d29cm
225 2  @a王受之设计史论丛书
314    @a王受之(1946~),生于广州,设计理论和设计史专家。著作有:《当代商业住宅区的规划和设计》等。
330    @a本书介绍了新波普主义,当代抽象艺术,极限艺术在当代的发展,观念艺术在当代的发展,新表现主义绘画等16章内容。
410  0 @12001 @a王受之设计史论丛书
606 0  @a艺术史@y世界@z现代
690    @aJ110.95@v4
701  0 @a王受之@Awang shou zhi@4著
801  0 @aCN@b中图数据@c20061210
905    @a10447@dJ110.95@e82
    
    世界当代艺术史/王受之著.-北京:中国青年出版社,2002
    195页:图;29cm.-(王受之设计史论丛书)
    
    
    ISBN 7-5006-4829-4:CNY60.00
    本书介绍了新波普主义,当代抽象艺术,极限艺术在当代的发展,观念艺术在当代的发展,新表现主义绘画等16章内容。
●
相关链接 在E读中查询图书 在五车中查询图书 在当当中查询图书 在豆瓣中查询图书


正题名:世界当代艺术史     索取号:J110.95/82         预约/预借

序号 登录号 条形码 馆藏地/架位号 状态 备注
1 0618157   206181576   第一样本阅览室/ [索取号:J110.95/82] 在馆    
2 0618158   206181585   第一借阅区/ [索取号:J110.95/82] 在馆    
3 0618159   206181594   第一借阅区/ [索取号:J110.95/82] 在馆    
唐山师范学院图书馆 欢迎您!
大连网信软件有限公司© 版权所有